Klasický filológ Miloslav Okál

Podrobná bibliografia
Hlavný autor: Andoková, Marcela, 1976- (Autor)
Ďalší autori: Škoviera, Daniel, 1946-2021 (Zostavovateľ, kompilátor), Eliášová Buzássyová, Ľudmila, 1968- (Zostavovateľ, kompilátor), Grusková, Jana, 1970- (Zostavovateľ, kompilátor)
Médium: Kniha
Jazyk:slovenčina
Fyzický popis:272 s. faks., fotogr., geneal. tab., ilustr., tab. 24 cm viaz. príl. rodokmeň
Vydavateľské údaje: V Bratislave Univerzita Komenského 2014
ISBN:9788022338097 (brož.)
Predmet:

MARC

LEADER 00000nam a2200000 a 4500
001 vtls010677827
003 SK-MaSNL
005 20260425223355.0
008 160830s2014 xo hojagrh 001 0bslo
015 |a SNBA2015/05 
020 |a 9788022338097 (brož.) 
035 |a B085A63E-9832-4743-B55D-A425878D7192 
035 |a urn:nbn:sk:snk-amkqtr 
035 |a urn:nbn:sk:snk-am005bxz 
040 |a SNK  |b slo  |c SNK  |e AACR2 
041 0 |a slo  |b eng  |b fre 
043 |a e-xo--- 
044 |a xo  |c SK 
072 7 |a 80  |x Filológia  |2 konspekt 
072 7 |a 929  |x Biografie  |2 konspekt 
080 |a 80(=124+14)  |2 2001 
080 |a (437.6)  |2 2001 
080 |a (048.8)  |2 2001 
080 |a (092)  |2 2001 
245 0 0 |a Klasický filológ Miloslav Okál  |c zostavili Daniel Škoviera, Ľudmila Buzássyová, Jana Grusková ; autori kapitol Marcela Andoková ... [et al.] 
260 |a V Bratislave  |b Univerzita Komenského  |c 2014 
300 |a 272 s.  |b faks., fotogr., geneal. tab., ilustr., tab.  |c 24 cm  |e viaz. príl. rodokmeň 
500 |a Príloha: Rodokmeň - genealógia okálovského rodu 
504 |a Bibliogr. odkazy a pozn. ; edič. pozn. ; men. reg. ; pozn. 
546 |a Res. angl., franc. a slov. 
600 1 7 |a Okál, Miloslav,  |d 1913-1997  |2 SNKMA  |9 37112 
648 7 |a 20. stor.  |2 SNKPH  |9 275975 
648 7 |a 20th century  |2 SNKPHeng  |9 277995 
650 0 7 |a klasická filológia  |2 SNKPH  |9 69186 
650 0 7 |a classical philology  |2 SNKPHeng  |9 266089 
651 7 |a Slovensko  |2 SNKPH  |9 14231 
651 7 |a Slovakia  |2 SNKPHeng  |9 92630 
655 7 |a monografie  |2 SNKPH  |9 70139 
655 7 |a Monographs  |2 SNKPHeng  |9 120675 
655 7 |a biografie  |2 SNKPH  |9 27965 
655 7 |a Biography  |2 SNKPHeng  |9 266314 
700 1 |a Škoviera, Daniel,  |d 1946-2021  |4 com  |9 85343 
700 1 |a Eliášová Buzássyová, Ľudmila,  |d 1968-  |4 com  |9 11380 
700 1 |a Grusková, Jana,  |d 1970-  |4 com  |9 12685 
700 1 |a Andoková, Marcela,  |d 1976-  |4 aut  |9 167256 
752 |a Slovensko  |d Bratislava 
852 |a Štátna vedecká knižnica v Banskej Bystrici 
919 |a 978-80-223-3809-7 
958 |a OND 
958 |a NB 
958 |a BX 
999 |c 583924  |d 585854 
952 |a SNK  |b SNK  |y PREZ  |7 0  |p 17A1157644  |o snkSC 164534  |i snk2015/14928  |8 0  |0 0  |1 0  |4 0  |d 2015-05-07  |f 1  |l 0  |r 2025-08-28 00:00:00  |w 2026-02-23 
952 |a SNK  |b SNK  |y VYP  |7 0  |p 17A1157643  |o snkSC 164534 D1  |i snk2015/14929  |8 0  |0 0  |1 0  |4 0  |d 2015-05-07  |l 0  |r 2026-02-23 15:00:38  |w 2026-02-23